[Event "III Open A"]
[Site "Biella ITA"]
[Date "2012.09.30"]
[Round "4"]
[White "Sanchez, Joseph"]
[Black "Salvador, Roland"]
[WhiteElo "2534"]
[BlackElo "2484"]
[Result "0-1"]
[PlyCount "104"]
[EventDate "2012.09.28"]

1. e4 c5 2. Nf3 d6 3. d4 cxd4 4. Nxd4 Nf6 5. Nc3 a6 6. Be3 e6 7. Qd2 b5 8. f3
Bb7 9. O-O-O Nbd7 10. Bd3 Rc8 11. g4 Nb6 12. Kb1 Be7 13. g5 Nfd7 14. h4 Nc4 15.
Bxc4 Rxc4 16. a3 Qa5 17. h5 O-O 18. g6 Rxc3 19. gxf7+ Kxf7 20. Qxc3 Qxc3 21.
bxc3 Ne5 22. h6 g6 23. Bc1 Rc8 24. Bb2 d5 25. exd5 Bxd5 26. Rhe1 Nc4 27. Rd3
Rb8 28. Kc1 Rb6 29. Kb1 Bd6 30. Rg1 Nxa3+ 31. Bxa3 Bxa3 32. Rg4 Bf8 33. Rf4+
Ke8 34. Ka1 a5 35. Rh4 a4 36. Rh1 Kf7 37. Rb1 Bc4 38. Re3 Bxh6 39. Re5 Bd2 40.
Ne2 Kf6 41. Re4 Bxe2 42. Rxe2 Bxc3+ 43. Ka2 b4 44. Rh1 b3+ 45. Ka3 b2 46. Rb1
h5 47. Kxa4 h4 48. Re3 Ra6+ 49. Kb3 Ra1 50. Rxb2 h3 51. Re2 Bxb2 52. Kxb2 Rf1
0-1

[Event "III Open A"]
[Site "Biella ITA"]
[Date "2012.09.30"]
[Round "4"]
[White "Siclari, Giovanni"]
[Black "Melone, Antonio"]
[WhiteElo "1969"]
[BlackElo "2149"]
[Result "1-0"]
[PlyCount "107"]
[EventDate "2012.09.28"]

1. Nf3 Nf6 2. c4 g6 3. Nc3 Bg7 4. e4 d6 5. d4 O-O 6. Be2 c5 7. O-O Bg4 8. d5
Nbd7 9. Be3 a6 10. Qd2 Re8 11. h3 Bxf3 12. Bxf3 Rb8 13. g4 Nb6 14. Be2 Nfd7 15.
Rae1 Na8 16. b3 b5 17. cxb5 Qa5 18. Nd1 Qxd2 19. Bxd2 axb5 20. Bc3 Nc7 21. Bxg7
Kxg7 22. Nc3 b4 23. Na4 Nb6 24. Nxb6 Rxb6 25. Bc4 Ra8 26. Re2 Na6 27. f4 Nb8
28. e5 Rb7 29. exd6 exd6 30. f5 g5 31. f6+ Kf8 32. Rf5 h6 33. h4 Nd7 34. hxg5
hxg5 35. Rh2 Ke8 36. Rh8+ Nf8 37. Rxg5 Kd7 38. Rgg8 Rbb8 39. Bb5+ Kc7 40. Bc6
Ng6 41. Rxb8 Rxb8 42. Rxb8 Kxb8 43. Kf2 Kc7 44. Kg3 Ne5 45. Be8 Kd8 46. Bb5 Ng6
47. g5 Ne5 48. Kh4 Ng6+ 49. Kh5 Nf4+ 50. Kh6 Nxd5 51. Kg7 Nc7 52. Kxf7 Nxb5 53.
g6 d5 54. g7 1-0

[Event "III Open A"]
[Site "Biella ITA"]
[Date "2012.09.30"]
[Round "4"]
[White "Stella, Andrea"]
[Black "Ubezio, Marco"]
[WhiteElo "2456"]
[BlackElo "2133"]
[Result "1-0"]
[PlyCount "55"]
[EventDate "2012.09.28"]

1. Nf3 Nc6 2. d4 d5 3. c4 Bg4 4. Nc3 e6 5. Bg5 Be7 6. Bxe7 Ngxe7 7. e3 O-O 8.
Be2 dxc4 9. Bxc4 e5 10. d5 Nb8 11. h3 Bxf3 12. Qxf3 Nd7 13. O-O Nb6 14. Bb3 c6
15. Rfd1 cxd5 16. Nxd5 Nbxd5 17. Bxd5 Nxd5 18. Rxd5 Qb6 19. b3 Rad8 20. Rxe5
Rd2 21. Re7 Qa5 22. Rc1 Qxa2 23. Rxf7 Rdd8 24. Rxf8+ Rxf8 25. Qd5+ Kh8 26. Qf5
Rd8 27. Rc8 Qd2 28. Qf8+ 1-0

[Event "III Open A"]
[Site "Biella ITA"]
[Date "2012.09.30"]
[Round "4"]
[White "Valsecchi, Alessio"]
[Black "Medici, Simone"]
[WhiteElo "2427"]
[BlackElo "2102"]
[Result "1-0"]
[PlyCount "103"]
[EventDate "2012.09.28"]

1. e4 c5 2. c3 Nf6 3. e5 Nd5 4. Nf3 e6 5. Bc4 d6 6. d4 Nc6 7. O-O h6 8. Qe2 Be7
9. Rd1 cxd4 10. cxd4 Nb6 11. Bb3 d5 12. Nc3 a6 13. Ne1 Bd7 14. Qg4 g6 15. Nd3
h5 16. Qf4 g5 17. Qe3 Qc7 18. a3 O-O-O 19. Bd2 Nc4 20. Bxc4 dxc4 21. Nb4 Qb6
22. Rac1 Kb8 23. Ne4 Qxd4 24. Qe2 Qb6 25. Bxg5 Bxg5 26. Nxg5 Nxb4 27. axb4 Bb5
28. Rd6 Rxd6 29. exd6 Rg8 30. Qd2 Qc6 31. f3 Qd7 32. Qf4 f6 33. Ne4 Qg7 34. Rc2
f5 35. Nc5 Bd7 36. Qxc4 Rc8 37. Qc3 Qf7 38. Nxd7+ Qxd7 39. Qxc8+ Qxc8 40. Rxc8+
Kxc8 41. g4 fxg4 42. fxg4 hxg4 43. Kg2 Kd7 44. Kg3 Kxd6 45. Kxg4 Kd5 46. h4 Kc4
47. h5 Kb3 48. h6 Kxb2 49. h7 Kb3 50. h8=Q Kxb4 51. Qc8 b5 52. Qxa6 1-0

[Event "III Open A"]
[Site "Biella ITA"]
[Date "2012.09.30"]
[Round "5"]
[White "Angelini, Marco"]
[Black "Stella, Andrea"]
[WhiteElo "2223"]
[BlackElo "2456"]
[Result "1-0"]
[PlyCount "37"]
[EventDate "2012.09.28"]

1. e4 e6 2. Nf3 d5 3. Nc3 Nf6 4. e5 Nfd7 5. d4 c5 6. dxc5 Nc6 7. Bf4 Bxc5 8.
Bd3 h6 9. h4 a6 10. Qe2 b5 11. Rh3 Bf8 12. h5 Nc5 13. Kf1 Bb7 14. Rg3 Rc8 15.
a3 Nd4 16. Nxd4 Qh4 17. Kg1 Nxd3 18. cxd3 Qxf4 19. Rg4 1-0

[Event "III Open A"]
[Site "Biella ITA"]
[Date "2012.09.30"]
[Round "5"]
[White "Bisi, Samuele"]
[Black "Aghayev, Miragha"]
[WhiteElo "2050"]
[BlackElo "2238"]
[Result "0-1"]
[PlyCount "74"]
[EventDate "2012.09.28"]

1. d4 Nf6 2. c4 g6 3. Nc3 d5 4. Nf3 Bg7 5. Qb3 dxc4 6. Qxc4 O-O 7. e4 Na6 8.
Be2 c5 9. d5 e6 10. O-O exd5 11. exd5 Bf5 12. Bf4 Qb6 13. Qb5 Nb4 14. Qxb6 axb6
15. Bc4 Bd3 16. Bxd3 Nxd3 17. Bc7 Nxb2 18. d6 Ra3 19. Nb5 Rd3 20. Ne5 Rd2 21.
f4 Nd5 22. Rae1 c4 23. Rf3 Bf6 24. g3 Kg7 25. Nd7 Ra8 26. Nxb6 Nxb6 27. Bxb6
Rxa2 28. Nc7 Bd4+ 29. Bxd4+ Rxd4 30. Re7 Rxd6 31. Ne8+ Kf8 32. Rfe3 Rd2 33. Nf6
Ra1+ 34. Re1 Rdd1 35. Nd7+ Kg7 36. Rxd1 Rxd1+ 37. Kf2 c3 0-1

[Event "III Open A"]
[Site "Biella ITA"]
[Date "2012.09.30"]
[Round "5"]
[White "Brunello, Marina"]
[Black "Barbiso, Tiziana"]
[WhiteElo "2250"]
[BlackElo "2032"]
[Result "1/2-1/2"]
[PlyCount "136"]
[EventDate "2012.09.28"]

1. e4 e6 2. d4 d5 3. Nd2 Nc6 4. Ngf3 Nf6 5. e5 Nd7 6. c3 f6 7. exf6 Qxf6 8. Nb3
Bd6 9. Bg5 Qf7 10. Bd3 e5 11. dxe5 Ndxe5 12. Be2 O-O 13. O-O Be6 14. Nbd4 Nxf3+
15. Nxf3 Qh5 16. h4 Qg6 17. Qd3 Qf7 18. Rad1 h6 19. Be3 Ne7 20. Nd4 c6 21. Nxe6
Qxe6 22. Bd2 Qe5 23. g3 Nf5 24. Bf4 Qf6 25. Bxd6 Nxd6 26. Qd4 Qf7 27. Rd3 Rae8
28. Rf3 Qe7 29. Rxf8+ Rxf8 30. Bd3 a6 31. a4 Nf7 32. Kg2 Re8 33. a5 Qd6 34. b4
Qe5 35. Qxe5 Rxe5 36. f4 Re3 37. Rd1 Nd6 38. Kf2 Re7 39. Re1 Kf8 40. Rxe7 Kxe7
41. h5 Ne8 42. Ke3 Nf6 43. Bg6 Kd6 44. Kd4 Nd7 45. g4 c5+ 46. Kd3 b6 47. axb6
Nxb6 48. g5 Nd7 49. Be8 Nf8 50. Ke3 Ne6 51. Bf7 hxg5 52. fxg5 Nxg5 53. Bg6 Ne6
54. Bf5 d4+ 55. Kd2 dxc3+ 56. Kxc3 cxb4+ 57. Kxb4 Nf4 58. Ka5 Nxh5 59. Kxa6 g5
60. Kb5 Ke5 61. Bc8 Nf4 62. Kc4 Ke4 63. Kc3 Ne2+ 64. Kd2 Nd4 65. Ke1 Nf5 66.
Kf2 g4 67. Bxf5+ Kxf5 68. Kg3 Kg5 1/2-1/2

[Event "III Open A"]
[Site "Biella ITA"]
[Date "2012.09.30"]
[Round "5"]
[White "Brunello, Sabino"]
[Black "Naumkin, Igor"]
[WhiteElo "2586"]
[BlackElo "2473"]
[Result "1/2-1/2"]
[PlyCount "73"]
[EventDate "2012.09.28"]

1. d4 Nf6 2. c4 e6 3. g3 d5 4. Nf3 Be7 5. Bg2 O-O 6. O-O dxc4 7. Qc2 a6 8. Qxc4
b5 9. Qc2 Bb7 10. Bd2 Be4 11. Qc1 Nc6 12. Be3 Nb4 13. Nbd2 Bb7 14. a3 Nbd5 15.
Nb3 Rc8 16. Bg5 h6 17. Na5 Ba8 18. Bxf6 Bxf6 19. Nb3 Nb6 20. Rd1 Na4 21. Nc5
Nxc5 22. Qxc5 Qd6 23. Rac1 Rfd8 24. e3 Qxc5 25. Rxc5 Be7 26. Rcc1 c5 27. dxc5
Rxd1+ 28. Rxd1 Rxc5 29. Ne1 Bxg2 30. Kxg2 Bf6 31. Rd2 g6 32. Kf3 a5 33. Nd3 Rc4
34. Ke2 a4 35. Kd1 Kf8 36. Rc2 Ke7 37. Rxc4 1/2-1/2

[Event "III Open A"]
[Site "Biella ITA"]
[Date "2012.09.30"]
[Round "5"]
[White "Capaliku, Aleks"]
[Black "Rambaldi, Francesco"]
[WhiteElo "2114"]
[BlackElo "2277"]
[Result "1/2-1/2"]
[PlyCount "49"]
[EventDate "2012.09.28"]

1. d4 Nf6 2. Bg5 c5 3. Bxf6 gxf6 4. e3 Qb6 5. b3 f5 6. dxc5 Qxc5 7. Qd4 e5 8.
Qxc5 Bxc5 9. Nc3 Nc6 10. O-O-O d6 11. Nd5 O-O 12. Ne2 Be6 13. Nec3 Rac8 14. Kb2
a6 15. a3 Ba7 16. g3 Kg7 17. h4 Rfd8 18. Be2 Nd4 19. Rd2 Kf8 20. Rhd1 Nxe2 21.
Nxe2 h6 22. c4 Bd7 23. Nec3 Be8 24. a4 a5 25. Nf6 1/2-1/2

[Event "III Open A"]
[Site "Biella ITA"]
[Date "2012.09.30"]
[Round "5"]
[White "Di Chiara, Mauro"]
[Black "Monjac, Mislav"]
[WhiteElo "1962"]
[BlackElo "2109"]
[Result "1/2-1/2"]
[PlyCount "98"]
[EventDate "2012.09.28"]

1. d4 Nf6 2. Nf3 e6 3. c4 c5 4. e3 d5 5. Nc3 a6 6. cxd5 exd5 7. Bd3 Nc6 8. O-O
Bd6 9. dxc5 Bxc5 10. a3 O-O 11. b4 Ba7 12. Bb2 Bg4 13. Be2 Rc8 14. Rc1 Bb8 15.
Nd4 Qd6 16. g3 Bh3 17. Re1 Ne5 18. Nf3 Nc4 19. Bxc4 Rxc4 20. Qd3 Bg4 21. Nh4
Rfc8 22. Ne2 Rxc1 23. Rxc1 Rxc1+ 24. Nxc1 Qc6 25. Nf5 Bxf5 26. Qxf5 Qe6 27. Qd3
Be5 28. Bxe5 Qxe5 29. Ne2 Qe4 30. Qc3 Qb1+ 31. Qc1 Qxc1+ 32. Nxc1 Kf8 33. f3
Ke7 34. Kf2 Kd6 35. Ke2 Nd7 36. Nd3 b6 37. Kd2 Nb8 38. Kc3 Nc6 39. f4 f6 40.
Ne1 Ne7 41. Nf3 Nc6 42. Nd4 Nxd4 43. Kxd4 f5 44. h3 h5 45. h4 b5 46. Kd3 Kd7
47. Kc3 Kc6 48. Kd4 Kd6 49. Kc3 Kc6 1/2-1/2

[Event "III Open A"]
[Site "Biella ITA"]
[Date "2012.09.30"]
[Round "5"]
[White "Gagliardi, Christian"]
[Black "Brociner, Beniamino"]
[WhiteElo "2217"]
[BlackElo "1981"]
[Result "1/2-1/2"]
[PlyCount "51"]
[EventDate "2012.09.28"]

1. d4 Nf6 2. Nf3 g6 3. Bf4 Bg7 4. e3 d6 5. Be2 O-O 6. h3 Nbd7 7. O-O b6 8. c4
Bb7 9. Nc3 Re8 10. Qc2 e5 11. dxe5 Nxe5 12. Nxe5 dxe5 13. Rad1 Qe7 14. Bg3 Rad8
15. a3 c5 16. Rxd8 Rxd8 17. Rd1 Rxd1+ 18. Qxd1 Ne4 19. Nxe4 Bxe4 20. b3 Bc6 21.
a4 a5 22. Qd2 f5 23. Qd1 Bf6 24. Bf3 e4 25. Be2 Qd8 26. Qxd8+ 1/2-1/2

[Event "III Open A"]
[Site "Biella ITA"]
[Date "2012.09.30"]
[Round "5"]
[White "Gerola, Fausto"]
[Black "Ceschia, Ivano"]
[WhiteElo "2199"]
[BlackElo "2291"]
[Result "0-1"]
[PlyCount "92"]
[EventDate "2012.09.28"]

1. e4 c5 2. Nf3 Nc6 3. d4 cxd4 4. Nxd4 Qb6 5. Nb3 Nf6 6. Nc3 e6 7. Be3 Qc7 8.
a3 a6 9. f4 d5 10. exd5 exd5 11. Nxd5 Nxd5 12. Qxd5 Be6 13. Qe4 O-O-O 14. Bd3
Bd5 15. Qf5+ Kb8 16. Nd2 Qe7 17. Kf2 Qxe3+ 18. Kxe3 Bc5+ 19. Ke2 Nd4+ 20. Kf1
Nxf5 21. Bxf5 Be3 22. Rd1 Bxf4 23. Bd3 h5 24. h4 f6 25. Kf2 Be5 26. b3 Bd4+ 27.
Kg3 g5 28. Nf3 Bc5 29. b4 Bd6+ 30. Kf2 g4 31. Nd4 g3+ 32. Kf1 Be5 33. Nf3 Bb2
34. a4 Bc3 35. b5 axb5 36. axb5 Kc7 37. Rh3 Rhg8 38. Be2 Be6 39. Rxd8 Kxd8 40.
Rh1 Kc7 41. Bd3 Re8 42. Ng1 Ra8 43. Ke2 Bg4+ 44. Nf3 Re8+ 45. Kf1 Re3 46. Be2
Bxf3 0-1

[Event "III Open A"]
[Site "Biella ITA"]
[Date "2012.09.30"]
[Round "5"]
[White "Madiai, Federico"]
[Black "Valsecchi, Alessio"]
[WhiteElo "2214"]
[BlackElo "2427"]
[Result "0-1"]
[PlyCount "54"]
[EventDate "2012.09.28"]

1. e4 e5 2. Nf3 Nc6 3. Bb5 a6 4. Ba4 Nf6 5. d3 b5 6. Bb3 Bc5 7. O-O d6 8. a4
Bg4 9. c3 Rb8 10. Be3 O-O 11. axb5 axb5 12. Nbd2 b4 13. Ba4 Ne7 14. Bxc5 dxc5
15. Nc4 Ng6 16. Bc2 Qc8 17. Re1 Rd8 18. Re3 Ra8 19. Qf1 Rxa1 20. Qxa1 Qa8 21.
Qf1 Bxf3 22. Rxf3 bxc3 23. bxc3 Qa2 24. Qb1 Qxb1+ 25. Bxb1 Nxe4 26. d4 Ra8 27.
Bd3 Nxc3 0-1

[Event "III Open A"]
[Site "Biella ITA"]
[Date "2012.09.30"]
[Round "5"]
[White "Medici, Simone"]
[Black "Petrone, Gianmario"]
[WhiteElo "2102"]
[BlackElo "1981"]
[Result "1/2-1/2"]
[PlyCount "88"]
[EventDate "2012.09.28"]

1. d4 Nf6 2. c4 g6 3. Nf3 Bg7 4. Nc3 d6 5. e3 O-O 6. h3 c5 7. Bd3 Nc6 8. a3
cxd4 9. exd4 e5 10. d5 Ne7 11. O-O Nd7 12. Ng5 Nc5 13. Bc2 h6 14. Nge4 Nxe4 15.
Nxe4 f5 16. Nc3 b6 17. b3 f4 18. Qf3 Nf5 19. Bxf5 Bxf5 20. Ne4 Qd7 21. a4 Bxe4
22. Qxe4 Qf5 23. f3 Qxe4 24. fxe4 Bf6 25. a5 bxa5 26. Bd2 Bd8 27. Bxa5 Bb6+ 28.
Bxb6 axb6 29. Kf2 Kf7 30. Ke2 Ke7 31. b4 Rfc8 32. Kd3 g5 33. Rfc1 h5 34. c5
bxc5 35. bxc5 Rxc5 36. Rxa8 Rxc1 37. Ra7+ Kd8 38. Rg7 g4 39. hxg4 hxg4 40. Rxg4
Rd1+ 41. Kc4 Rd4+ 42. Kb5 Rxe4 43. Kc6 Ke7 44. Rg7+ Kf6 1/2-1/2

[Event "III Open A"]
[Site "Biella ITA"]
[Date "2012.09.30"]
[Round "5"]
[White "Milchev, Nikolay"]
[Black "Arnaudov, G. Petar"]
[WhiteElo "2422"]
[BlackElo "2485"]
[Result "0-1"]
[PlyCount "80"]
[EventDate "2012.09.28"]

1. c4 c5 2. Nf3 Nf6 3. g3 b6 4. Bg2 Bb7 5. O-O e6 6. Nc3 Be7 7. d4 cxd4 8. Qxd4
d6 9. b3 Nbd7 10. Bb2 a6 11. Rad1 O-O 12. h3 Qc7 13. e4 Rac8 14. Qe3 Qb8 15.
Nd4 g6 16. g4 Rfe8 17. g5 Nh5 18. Bf3 Ng7 19. Bg4 Rcd8 20. Nde2 e5 21. Ng3 Ne6
22. Nd5 Bxg5 23. Bxe6 Bxe3 24. Bxd7 Rxd7 25. Nf6+ Kg7 26. Nxd7 Qc7 27. Nxe5
dxe5 28. fxe3 h5 29. h4 Qe7 30. Rf3 Bc8 31. Rd5 Qxh4 32. Rxe5 Rxe5 33. Bxe5+
Kg8 34. Rf2 Qg5 35. Bf4 Qg4 36. Kh2 h4 37. Ne2 g5 38. Be5 Qxe4 39. Bd4 Bb7 40.
Kh3 f5 0-1

[Event "III Open A"]
[Site "Biella ITA"]
[Date "2012.09.30"]
[Round "5"]
[White "Moroni, Luca jr"]
[Black "Siclari, Giovanni"]
[WhiteElo "2120"]
[BlackElo "1969"]
[Result "1-0"]
[PlyCount "135"]
[EventDate "2012.09.28"]

1. Nf3 Nf6 2. c4 b6 3. g3 c5 4. Bg2 Bb7 5. O-O g6 6. Nc3 Bg7 7. d4 cxd4 8. Nxd4
Bxg2 9. Kxg2 O-O 10. e4 Qc8 11. b3 Nc6 12. Bb2 Nxd4 13. Qxd4 Qb7 14. Rfe1 d6
15. Nd5 Rfe8 16. a4 Nh5 17. Qd2 Bxb2 18. Qxb2 Ng7 19. f3 Ne6 20. Qc3 Nc7 21.
Ne3 a6 22. g4 h6 23. b4 b5 24. cxb5 axb5 25. a5 d5 26. exd5 Nxd5 27. Nxd5 Qxd5
28. Re5 Qd7 29. Qe3 Rac8 30. Re1 Rc4 31. Qxh6 Rxb4 32. R1e2 Rb1 33. Qd2 Qxd2
34. Rxd2 b4 35. Rb5 Ra1 36. Rd7 Kf8 37. Ra7 Ra4 38. Rbb7 g5 39. Kg3 f6 40. a6
Kf7 41. h4 gxh4+ 42. Kxh4 Kg6 43. Kg3 Kg5 44. Rb6 Kg6 45. Kf2 Kf7 46. Rbb7 Ke6
47. f4 Kd5 48. Ke3 Ra3+ 49. Kd2 Kc4 50. Kc2 Rh8 51. Rc7+ Kb5 52. Kb2 Rh2+ 53.
Rc2 Rhh3 54. Rxe7 Rxa6 55. Rec7 Ka4 56. R2c5 Rg3 57. Rg7 Rf3 58. f5 Rf2+ 59.
Rc2 Rxc2+ 60. Kxc2 Ka3 61. Re7 Ka2 62. Re6 b3+ 63. Kc3 Ra3 64. Rb6 b2+ 65. Kc2
Rg3 66. Ra6+ Ra3 67. Rxa3+ Kxa3 68. Kb1 1-0

[Event "III Open A"]
[Site "Biella ITA"]
[Date "2012.09.30"]
[Round "5"]
[White "Pulito, Alberto"]
[Black "Barlocco, Carlo"]
[WhiteElo "2287"]
[BlackElo "2076"]
[Result "1-0"]
[PlyCount "51"]
[EventDate "2012.09.28"]

1. e4 Nf6 2. e5 Nd5 3. c4 Nb6 4. c5 Nd5 5. d4 e6 6. Nc3 b6 7. cxb6 axb6 8. Nf3
Bb7 9. Bd3 Be7 10. O-O O-O 11. Re1 d6 12. Qe2 Nb4 13. Bb1 d5 14. Qe3 c5 15. Ne2
N8c6 16. Qf4 f6 17. Qg3 f5 18. Bh6 Rf7 19. Nf4 Qd7 20. Bxf5 Nd8 21. Bb1 Kh8 22.
Bg5 Kg8 23. Bxh7+ Kxh7 24. Qh4+ Kg8 25. Ng6 Rf5 26. Nxe7+ 1-0

[Event "III Open A"]
[Site "Biella ITA"]
[Date "2012.09.30"]
[Round "5"]
[White "Sgnaolin, Davide"]
[Black "Sanchez, Joseph"]
[WhiteElo "2234"]
[BlackElo "2534"]
[Result "1-0"]
[PlyCount "113"]
[EventDate "2012.09.28"]

1. e4 d5 2. exd5 Nf6 3. d4 Nxd5 4. Nf3 g6 5. c4 Nb6 6. Nc3 Bg7 7. Be3 O-O 8.
Be2 Bg4 9. h3 Bxf3 10. Bxf3 Nc6 11. Bxc6 bxc6 12. b3 c5 13. Ne2 cxd4 14. Bxd4
e5 15. Bc5 Re8 16. Qxd8 Raxd8 17. Rd1 f5 18. Nc3 e4 19. Nb5 Rxd1+ 20. Kxd1 Nd7
21. Bd4 c6 22. Bxg7 cxb5 23. Bh6 bxc4 24. bxc4 Rc8 25. Ke2 Rxc4 26. Rd1 Rc2+
27. Ke3 Ne5 28. Rd8+ Kf7 29. a4 Ra2 30. Bf4 Nc4+ 31. Kd4 Rxa4 32. Rd7+ Ke6 33.
Rxh7 Nb6+ 34. Kc5 Ra2 35. Be3 Nd5 36. Bd4 Ra5+ 37. Kc4 Ra4+ 38. Kc5 Nf4 39. Be3
Nxg2 40. Bg5 f4 41. Bd8 g5 42. Re7+ Kf5 43. Kd5 f3 44. Re5+ Kg6 45. Rxg5+ Kf7
46. Rf5+ Ke8 47. Bg5 Kd7 48. Re5 Ra2 49. Re7+ Kc8 50. Kxe4 Ne1 51. Be3 Ra4+ 52.
Kd5 a6 53. Kc6 Rc4+ 54. Bc5 Rxc5+ 55. Kxc5 Nd3+ 56. Kc6 Kd8 57. Rd7+ 1-0

[Event "III Open A"]
[Site "Biella ITA"]
[Date "2012.09.30"]
[Round "5"]
[White "Solomon, Kenny"]
[Black "Davi, Alessandro"]
[WhiteElo "2426"]
[BlackElo "2122"]
[Result "1/2-1/2"]
[PlyCount "82"]
[EventDate "2012.09.28"]

1. d4 d5 2. Nf3 Nf6 3. c4 e6 4. g3 c5 5. cxd5 exd5 6. Bg2 Nc6 7. O-O Be7 8. Nc3
O-O 9. dxc5 Bxc5 10. Na4 Be7 11. Be3 Bg4 12. Nd4 Re8 13. h3 Be6 14. Nxc6 bxc6
15. Rc1 Qd7 16. Kh2 Rab8 17. Bc5 Qb7 18. b3 Qa6 19. Bxe7 Rxe7 20. Qc2 Bd7 21.
e3 Qc8 22. Nc5 Bf5 23. Qc3 Qe8 24. Rfd1 Rc8 25. Qd4 h6 26. g4 Bg6 27. Rc3 h5
28. f3 hxg4 29. hxg4 Nd7 30. Kg1 f5 31. Nb7 Qf8 32. Nd6 Rc7 33. Rxc6 Rxc6 34.
Qxd5+ Kh7 35. Qxc6 fxg4 36. f4 Rxe3 37. Nc4 Qxf4 38. Qxd7 Re2 39. Qd5 Qf2+ 40.
Kh1 Qh4+ 41. Kg1 Qf2+ 1/2-1/2

[Event "III Open A"]
[Site "Biella ITA"]
[Date "2012.09.30"]
[Round "5"]
[White "Ubezio, Marco"]
[Black "Beccaris, Gabriele"]
[WhiteElo "2133"]
[BlackElo "2015"]
[Result "1-0"]
[PlyCount "85"]
[EventDate "2012.09.28"]

1. e4 d6 2. d4 Nf6 3. Nc3 e5 4. dxe5 dxe5 5. Qxd8+ Kxd8 6. Bc4 Be6 7. Bxe6 fxe6
8. Be3 Bb4 9. Nge2 Nxe4 10. O-O-O+ Nd6 11. Ne4 Ke7 12. Bg5+ Kf7 13. N2g3 h6 14.
Bd2 Bxd2+ 15. Rxd2 Rd8 16. Rhd1 Ke7 17. f3 Nc6 18. Nc5 b6 19. Na6 Ne8 20. c3
Rxd2 21. Rxd2 Rd8 22. Re2 Rd7 23. b4 Nd6 24. a4 Nf7 25. Ne4 Kd8 26. Nd2 Ne7 27.
Nc4 Nd5 28. Kc2 Nf4 29. Rf2 Nd3 30. Rf1 Kc8 31. b5 Nf4 32. Kb3 Nxg2 33. Rg1 Nh4
34. Rxg7 Nxf3 35. Nb4 e4 36. Nc6 e3 37. Nxe3 N3e5 38. Rg8+ Rd8 39. Rxd8+ Nxd8
40. Nxe5 Kb7 41. N3g4 h5 42. Nf6 h4 43. Ng6 1-0

[Event "III Open A"]
[Site "Biella ITA"]
[Date "2012.09.30"]
[Round "5"]
[White "Vezzosi, Paolo"]
[Black "Boschetti, Claudio"]
[WhiteElo "2309"]
[BlackElo "2111"]
[Result "1-0"]
[PlyCount "113"]
[EventDate "2012.09.28"]

1. Nf3 c5 2. e4 Nc6 3. Bb5 Qc7 4. O-O e6 5. Bxc6 Qxc6 6. Nc3 a6 7. Re1 d6 8. d4
cxd4 9. Qxd4 Nf6 10. Bg5 Be7 11. Rad1 O-O 12. e5 dxe5 13. Nxe5 Qc7 14. Qh4 h6
15. Bc1 Rd8 16. Rxd8+ Bxd8 17. Qg3 Kf8 18. Bf4 Qb6 19. Nc4 Qc6 20. Qd3 Be7 21.
a4 Bd7 22. Ne5 Qc8 23. Nxd7+ Qxd7 24. Qxd7 Nxd7 25. Rd1 Ke8 26. Bd6 Bxd6 27.
Rxd6 Ke7 28. Rd1 Rc8 29. Kf1 Ne5 30. Ke2 Nc4 31. b3 Ne5 32. Kd2 f5 33. Re1 Kf6
34. f3 g5 35. Nd1 Rd8+ 36. Kc1 Rc8 37. Nf2 Rd8 38. Re3 Rc8 39. Nd3 Nc6 40. c3
Ne7 41. c4 a5 42. Kd2 b6 43. Re5 Rd8 44. Rb5 Rd6 45. Kc3 Rc6 46. g3 Nd5+ 47.
Kd2 Nc7 48. Re5 Rd6 49. f4 Na6 50. Kc3 Nb8 51. c5 Rc6 52. Kc4 bxc5 53. Rxc5
gxf4 54. gxf4 Ra6 55. Rc7 Rb6 56. b4 axb4 57. Ne5 1-0

[Event "III Open A"]
[Site "Biella ITA"]
[Date "2012.09.30"]
[Round "5"]
[White "Villa, Giorgio"]
[Black "Bonade', Massimo"]
[WhiteElo "1966"]
[BlackElo "2081"]
[Result "1/2-1/2"]
[PlyCount "144"]
[EventDate "2012.09.28"]

1. d4 Nf6 2. Nf3 e6 3. c4 b6 4. g3 Bb7 5. Bg2 Be7 6. O-O O-O 7. Nc3 Ne4 8. Qc2
Nxc3 9. Qxc3 f5 10. Rd1 Bf6 11. Bf4 g5 12. Be5 d6 13. Bxf6 Qxf6 14. Qd2 h6 15.
c5 f4 16. gxf4 Qxf4 17. Qxf4 Rxf4 18. cxd6 cxd6 19. Rac1 Na6 20. Ne1 Bxg2 21.
Nxg2 Rf6 22. Rc6 d5 23. Ne1 Nb4 24. Rc7 Na6 25. Rc3 Raf8 26. Nd3 R6f7 27. Rc6
Re7 28. Rdc1 Kg7 29. Ne5 Kf6 30. a3 Nb8 31. Rc7 Rfe8 32. R1c3 Rxc7 33. Rxc7 Re7
34. Rc8 Na6 35. Nc6 Rc7 36. Rxc7 Nxc7 37. Nxa7 Kf5 38. a4 Ke4 39. Nc6 Ne8 40.
b4 Nc7 41. a5 bxa5 42. bxa5 Na6 43. e3 h5 44. Nd8 e5 45. Ne6 exd4 46. Nxd4 Nc5
47. Kg2 Na6 48. Kg3 Nc5 49. Nc6 Na6 50. h3 Kf5 51. f3 Ke6 52. h4 gxh4+ 53. Kxh4
Kd6 54. Nd4 Kc5 55. Kxh5 Kb4 56. f4 Kxa5 57. f5 Nc5 58. f6 Kb4 59. f7 Nd7 60.
Ne6 Kc3 61. Kg5 Kd3 62. Kf4 Kc4 63. Kg3 Kc3 64. Kf2 Kc4 65. Ke2 d4 66. e4 Kc3
67. Nf4 Kc2 68. e5 Nf8 69. Nd3 Ne6 70. Nf2 Kc3 71. Ne4+ Kc2 72. Nc5 Nf8 1/2-1/2